Statistics for Months of the Year Spelled Backwards in 15 Seconds

Click here to take the quiz!

General Stats

  • This quiz has been taken 42 times
  • The average score is 2 of 12

Answer Stats

Month% Correct
Yam
74%
Enuj
41%
Lirpa
33%
Yluj
33%
Yraunaj
22%
Hcram
15%
Tsugua
7%
Rebmeced
4%
Rebmetpes
4%
Rebotco
4%
Yraurbef
4%
Rebmevon
0%

Score Distribution

Percentile by Number Answered

Percent of People with Each Score

Your Score History

You have not taken this quiz